Participación y comunicación de grupos

Kaydedildi:
Detaylı Bibliyografya
Yazar: Saint-Arnaud, Yves (Yazar)
Materyal Türü: Kitap
Dil:İspanyolca
Baskı/Yayın Bilgisi: Madrid Anaya 1981
Seri Bilgileri:Ciencias de la educación
Konular:
Etiketler: Etiketle
Etiket eklenmemiş, İlk siz ekleyin!

MARC

LEADER 00000nam a2200000 a 4500
001 UCY7308
003 CL-VaPUC
008 950609e19810000SP |||||||||||||||||spa|d
082 0 4 |a 302.3  |b SAI  |2 21 
100 0 |a Saint-Arnaud, Yves  |e author  |9 337752 
245 1 0 |a Participación y comunicación de grupos 
300 |a 183 p 
942 |c BK 
945 |d 19950609 00:00:00  |a cmena 
260 |a Madrid  |b Anaya  |c 1981 
650 0 |a Sociología   |9 255410 
650 7 |a GRUPOS  |2 CL-VaPUC  |9 336429 
650 7 |a COMUNICACION EN GRUPO  |2 CL-VaPUC  |9 337753 
650 0 |a Comportamiento   |9 308406 
650 7 |a PARTICIPACION  |2 CL-VaPUC  |9 337754 
650 0 |a Participación social  |9 256140 
650 0 |a Sociometría  |9 271452 
583 |a last modification  |c 19950609 00:00:00  |k Rodrigo Vera 
490 0 |a Ciencias de la educación 
999 |c 234717  |d 234715 
952 |0 0  |1 0  |4 0  |6 302_300000000000000_SAI_1981  |7 0  |8 A  |9 241359  |a BIBEDU  |b BIBEDU  |d 2019-11-18  |i 151718K  |o 302.3 SAI 1981  |p 151718K  |r 2019-11-18  |w 2019-11-18  |y BK  |k EDU 
952 |0 0  |1 0  |4 0  |6 302_300000000000000_SAI_1981  |7 0  |8 A  |9 241360  |a BIBEDU  |b BIBEDU  |d 2019-11-18  |i 1520423  |o 302.3 SAI 1981  |p 1520423  |r 2019-11-18  |w 2019-11-18  |y BK  |k EDU 
952 |0 0  |1 0  |4 0  |6 302_300000000000000_SAI_1981  |7 0  |8 A  |9 241361  |a BIBGIM  |b BIBGIM  |d 2019-11-18  |i 3371506  |o 302.3 SAI 1981  |p 3371506  |r 2025-01-15  |w 2019-11-18  |y BK  |k SSL 
952 |0 0  |1 0  |4 0  |6 302_300000000000000_SAI_1981  |7 0  |8 A  |9 241362  |a BIBEDU  |b BIBEDU  |d 2019-11-18  |i 151928K  |o 302.3 SAI 1981  |p 151928K  |r 2019-11-18  |w 2019-11-18  |y BK  |k EDU 
952 |0 0  |1 0  |4 0  |6 302_300000000000000_SAI_1981  |7 0  |8 A  |9 241363  |a BIBGIM  |b BIBGIM  |d 2019-11-18  |i 1983679  |o 302.3 SAI 1981  |p 1983679  |r 2025-01-15  |w 2019-11-18  |y BK  |k SSL 
952 |0 0  |1 0  |4 0  |6 302_300000000000000_SAI_1981  |7 0  |8 A  |9 241364  |a BIBEDU  |b BIBEDU  |d 2019-11-18  |i 4677218  |o 302.3 SAI 1981  |p 4677218  |r 2019-11-18  |w 2019-11-18  |y BK  |k EPE